000 01446nam a22003614a 4500
001 ebr10171691
003 CaPaEBR
006 m u
007 cr cn|||||||||
008 050510s2005 ne a sb 001 0 eng
010 _z 2005047219
020 _z9004144226 (alk. paper)
040 _aCaPaEBR
_cCaPaEBR
035 _a(OCoLC)191945009
043 _aa-tu---
050 1 4 _aJC497
_b.L44 2005eb
082 0 4 _a320.9561/0903
_222
245 0 0 _aLegitimizing the order
_h[electronic resource] :
_bthe Ottoman rhetoric of state power /
_cedited by Hakan T. Karateke, Maurus Reinkowski.
260 _aLeiden ;
_aBoston :
_bBrill,
_c2005.
300 _aviii, 259 p. :
_bill.
490 1 _aThe Ottoman Empire and its heritage,
_x1380-6076 ;
_vv. 34
504 _aIncludes bibliographical references and indexes.
533 _aElectronic reproduction.
_bPalo Alto, Calif. :
_cebrary,
_d2013.
_nAvailable via World Wide Web.
_nAccess may be limited to ebrary affiliated libraries.
650 0 _aLegitimacy of governments
_zTurkey.
650 0 _aState, The.
651 0 _aTurkey
_xPolitics and government.
655 7 _aElectronic books.
_2local
700 1 _aKarateke, Hakan T.
700 1 _aReinkowski, Maurus.
710 2 _aebrary, Inc.
830 0 _aOttoman Empire and its heritage ;
_vv. 34.
856 4 0 _uhttp://site.ebrary.com/lib/rucke/Doc?id=10171691
_zAn electronic book accessible through the World Wide Web; click to view
999 _c249279
_d249279